000
00264nam a2200097Ia 4500
005
20250424112933.0
008
250424s9999 xx 000 0 und d
300
_a
vi. , 104 p. 25 cm.
650
_a
Humanities--Periodicals. Social sciences--Periodicals.
942
_c
SR
999
_c
37985
_d
37985